000
00487nam a2200145Ia 4500
008
100204s9999 xx 000 0 und d
082
_b
2759
100
_a
टिळक लक्ष्मीबाई
245
_a
स्मृतिचिन्हे
260
_b
"पॉप्युलर प्रकाशन , मुंबई"
_c
1968
300
_a
368
630
_a
स्मृतिचिन्हे
730
_a
स्मृतिचिन्हे
942
_c
BOOK
999
_c
447786
_d
447783